| 000 | 00649nam a22001937a 4500 | ||
|---|---|---|---|
| 999 |
_c171721 _d171721 |
||
| 005 | 20200117171744.0 | ||
| 010 | _a178018 | ||
| 020 |
_c3.25 _a- |
||
| 035 | _a178018 | ||
| 037 |
_bBPPD/Pub. _a- |
||
| 082 | _a840.9 | ||
| 100 | _aمحی ا لد ين قا د ر ی ز و ر | ||
| 245 |
_aد کنی ا د ب کی تا ر يخ _cمحی ا لد ين قا د ر ی ز و ر |
||
| 246 |
_bDakini Adab ki Tareekh (Urdu) _aby Mohiuddin Qadri Zore |
||
| 260 |
_aPakistan _bUrdu Academy Sindh _c1960 ء |
||
| 270 |
_aNishat Educational Press, _bKiranchi _e- _k- _l- |
||
| 300 |
_a188 ص _c22 Cm(Hb) |
||
| 942 |
_2ddc _cUR _h840.9 _mق ا د |
||